| 000 | 00827nam a2200205Ia 4500 | ||
|---|---|---|---|
| 001 | 14609 | ||
| 003 | GE_BSU | ||
| 008 | 181216s||||||||xx |||||||||||||| ||und|| | ||
| 040 | _cGE_BSU | ||
| 080 | _a821.353.1-31 | ||
| 100 | _aსანადირაძე,გიორგი | ||
| 245 | _aნადირობა მგლებზე.აკრძალული თამაშები. უსაფლავო ჯარისკაცები. | ||
| 245 | _cრედ.რ.ჩხარტიშვილი | ||
| 260 | _aთბილისი | ||
| 260 | _bწყარო | ||
| 260 | _c1991 | ||
| 300 | _a734გვ.21სმ. | ||
| 653 | _aნადირობა მგლებზე.აკრძალული თამაშები. უსაფლავო ჯარისკაცები. | ||
| 942 | _cBK | ||
| 999 |
_c47738 _d47738 |
||